5 lingue slave più grandi - Statistics

Statistiche generali
  • Questo quiz è stato fatto 201 volte
  • Il punteggio medio è 4 su 5
Statistiche sulle risposte
madrelingua ca. Lingua % Corretto
160 milioni Russo
95%
21 milioni Serbo-croata
90%
40 milioni Ucraino
84%
55 milioni Polacco
74%
11 milioni Ceco
58%
Nessun quiz corrispondente trovato
Distribuzione punteggi
Percentuale di utenti per punteggio
Percentile per numero di risposta
I tuoi punteggi nel tempo
Non hai fatto questo quiz